000 00656nam a22002057a 4500
999 _c97
_d97
003 AR-CdUCM
008 190221b ||||| |||| 00| 0 spa d
040 _aMUNICIPALIDAD PROVINCIAL DEL CUSCO
_cBIBLIOTECA MUNICIPAL DEL CUSCO
041 _heng
082 _22ed.
_a818.52 /
_bB922
100 _aBuck, Pearl S.
_9446
245 _aObras Escogidas
260 _aEspaña :
_bAguilar ;
_c1961.
300 _a1148 páginas
_c18cm
440 _aBiblioteca Premios Nobel
_9447
505 _aLa buena tierra -- La madre -- El ángel luchador -- La exilada -- Peonía.
650 _aNovela estadounidense
_9448
942 _2ddc
_cLIBROS
945 _anom
_d2019-02-21